[Event "32nd ECC Open 2016"]
[Site "Novi Sad SRB"]
[Date "2016.11.09"]
[Round "4.24"]
[Board "2"]
[White "Percin, Baris"]
[Black "Gnichtel, Gerd"]
[Result "1-0"]
[WhiteElo "1877"]
[BlackElo "2135"]
[WhiteTeam "Hatay Metropolitan"]
[BlackTeam "De Sprenger Echternach"]
[WhiteFideId "6345174"]
[BlackFideId "4637127"]
[EventDate "2016.11.06"]

1. e4 c5 2. Nc3 Nc6 3. g3 g6 4. Bg2 Bg7 5. d3 d6 6. f4 e6 7. Be3 Nge7 8. Nf3 Nd4
9. O-O Nec6 10. Bf2 O-O 11. e5 dxe5 12. Nxe5 Nxe5 13. fxe5 Bxe5 14. Ne4 f5 15.
Nxc5 Qc7 16. b4 f4 17. gxf4 Rxf4 18. c3 Nf5 19. d4 Rxf2 20. Rxf2 Bxh2+ 21. Kh1
Bg3 22. Re2 Qf4 23. Be4 Bf2 24. Bxf5 Qf3+ 25. Kh2 Qg3+ 26. Kh1 Qh4+ 27. Kg2 Qg3+
28. Kh1 Qf3+ 29. Kh2 gxf5 30. Qd3 Bg3+ 31. Kg1 Qxd3 32. Nxd3 Kf7 33. Kg2 Bd6 34.
Rh1 Kg7 35. Rhe1 b6 36. Ne5 Bb7+ 37. Kg3 Kf6 38. Rh2 Rg8+ 39. Kf2 Rg7 40. Rh6+
Ke7 41. Nc6+ Kd7 42. Rexe6 Bg3+ 43. Kf3 Bc7 44. d5 Rg3+ 45. Kf2 1-0

[Event "32nd ECC Open 2016"]
[Site "Novi Sad SRB"]
[Date "2016.11.09"]
[Round "4.24"]
[Board "3"]
[White "Drzasga, Michael"]
[Black "Gundogan, Sinem Cagla"]
[Result "0-1"]
[BlackTitle "WCM"]
[WhiteElo "2058"]
[BlackElo "1952"]
[WhiteTeam "De Sprenger Echternach"]
[BlackTeam "Hatay Metropolitan"]
[WhiteFideId "4623568"]
[BlackFideId "6325378"]
[EventDate "2016.11.06"]

1. d4 d5 2. Nf3 Nf6 3. Bf4 c6 4. c3 Nbd7 5. h3 e6 6. Nbd2 Be7 7. Ne5 O-O 8. Qc2
Nxe5 9. dxe5 Nd7 10. e4 f6 11. exf6 Bxf6 12. Bd6 Be7 13. Bxe7 Qxe7 14. Nf3 e5
15. O-O-O Nf6 16. Bd3 Be6 17. Ng5 dxe4 18. Nxe4 h6 19. Kb1 Nxe4 20. Bxe4 Qf7 21.
b3 Qxf2 22. Rd2 Qc5 23. Re1 Rae8 24. Rde2 Bf7 25. g4 a5 26. g5 hxg5 27. Rg2 Bd5
28. Bh7+ Kh8 29. Rxg5 Qf2 30. Rgxe5 Qxe1+ 31. Rxe1 Rxe1+ 32. Kb2 Ref1 33. Qg6
R8f2+ 34. Ka3 Ra1 35. Qe8+ Kxh7 36. Qh5+ Kg8 37. Qe8+ Rf8 38. Qe2 Raf1 39. c4
R1f2 40. Qe7 b5 41. cxb5 cxb5 42. h4 b4+ 43. Ka4 Rxa2+ 44. Kb5 Bxb3 45. h5 Bf7
46. h6 gxh6 47. Qd6 Rg2 48. Qxh6 b3 49. Ka4 b2 50. Qh1 Bd5 51. Qb1 Bc6+ 52. Kb3
a4+ 53. Ka3 Bd5 54. Kb4 a3 55. Kxa3 Ra8+ 56. Kb4 Ra1 0-1

[Event "32nd ECC Open 2016"]
[Site "Novi Sad SRB"]
[Date "2016.11.09"]
[Round "4.24"]
[Board "4"]
[White "Yildiz, Ozan"]
[Black "Sparwel, Oliver"]
[Result "1-0"]
[WhiteElo "1733"]
[BlackElo "2026"]
[WhiteTeam "Hatay Metropolitan"]
[BlackTeam "De Sprenger Echternach"]
[WhiteFideId "6323022"]
[BlackFideId "4002660"]
[EventDate "2016.11.06"]

1. e4 d6 2. d4 Nf6 3. Nc3 g6 4. f4 Bg7 5. Nf3 O-O 6. Bd3 Na6 7. e5 Nd7 8. Be3 c5
9. Bxa6 cxd4 10. Bxd4 dxe5 11. Nxe5 Nxe5 12. Bxe5 Bxe5 13. fxe5 bxa6 14. Qxd8
Rxd8 15. Rd1 Bf5 16. Rd2 Rab8 17. b3 e6 18. Kd1 Kf8 19. Kc1 Rxd2 20. Kxd2 Rc8
21. h3 g5 22. Re1 Ke7 23. Ne4 Bxe4 24. Rxe4 f5 25. exf6+ Kxf6 26. Ra4 Rc6 27.
Ra5 e5 28. Ke3 h5 29. Ke4 g4 30. hxg4 hxg4 31. c4 Rd6 32. Rd5 Ke6 33. Rxd6+ Kxd6
34. b4 a5 35. bxa5 a6 36. c5+ Kxc5 37. Kxe5 Kb4 38. Kf4 Kxa5 39. Kxg4 Kb4 40.
Kf4 a5 41. g4 a4 42. g5 Ka3 43. g6 Kxa2 44. g7 a3 45. g8=Q+ Kb1 46. Qg1+ Kb2 47.
Qf2+ Kb1 48. Qe1+ Kb2 49. Qb4+ Ka2 50. Ke3 1-0

[Event "32nd ECC Open 2016"]
[Site "Novi Sad SRB"]
[Date "2016.11.09"]
[Round "4.24"]
[Board "6"]
[White "Micoogullari, Lara"]
[Black "Densing, Gerd"]
[Result "0-1"]
[WhiteTitle "WCM"]
[WhiteElo "1673"]
[BlackElo "1806"]
[WhiteTeam "Hatay Metropolitan"]
[BlackTeam "De Sprenger Echternach"]
[WhiteFideId "6344968"]
[BlackFideId "24621013"]
[EventDate "2016.11.06"]

1. Nf3 b6 2. g3 Bb7 3. Bg2 g6 4. O-O Bg7 5. d3 e6 6. e4 Ne7 7. c3 d6 8. Re1 Nd7
9. Nbd2 c5 10. Nc4 Ne5 11. Ncxe5 dxe5 12. Be3 Qc7 13. Qd2 O-O-O 14. Qc2 Rd7 15.
Red1 h6 16. a3 Rhd8 17. Bf1 f5 18. Rdc1 c4 19. Ne1 cxd3 20. Bxd3 f4 21. Bb5 Nc6
22. Bc4 Re7 23. Bd2 Na5 24. Bd3 Red7 25. Rd1 Rxd3 26. Nxd3 Bxe4 27. Be1 Qc4 28.
Nxe5 Bxc2 29. Rxd8+ Kxd8 30. Nxc4 Nxc4 31. Rc1 Bb3 32. gxf4 h5 33. f3 Bh6 34.
Bh4+ Kc7 35. Re1 Kd6 36. Bg3 Kd5 37. Re4 Bg7 38. Re2 a5 39. Bf2 a4 40. Kg2 Bf6
41. Kh3 Bd1 42. Re1 Bxf3 43. Kg3 Bg4 44. h3 Bf5 45. Rd1+ Kc6 46. Bd4 Be7 47. Be5
Nxb2 48. Rd2 Nc4 49. Rd4 b5 50. Rd1 Nxa3 51. h4 Nc4 52. Ra1 Nxe5 53. fxe5 Kc5
54. Rd1 Kc4 0-1

[Event "32nd ECC Open 2016"]
[Site "Novi Sad SRB"]
[Date "2016.11.09"]
[Round "4.25"]
[Board "1"]
[White "Napoli, Nicolo"]
[Black "Admiraal, Miguoel"]
[Result "1-0"]
[WhiteTitle "FM"]
[BlackTitle "IM"]
[WhiteElo "2243"]
[BlackElo "2448"]
[WhiteTeam "DLF Steinitz Roma"]
[BlackTeam "Kennemer Combinatie"]
[WhiteFideId "813702"]
[BlackFideId "1019716"]
[EventDate "2016.11.06"]

1. d4 d5 2. c4 c6 3. Nc3 Nf6 4. Nf3 dxc4 5. a4 e6 6. e4 Bb4 7. Bxc4 Nxe4 8. O-O
Nf6 9. Qe2 a5 10. Rd1 Be7 11. Ne5 Na6 12. Rd3 Nb4 13. Rg3 g6 14. Bh6 Nfd5 15.
Rf3 Nxc3 16. bxc3 Bf8 17. Bg5 Be7 18. Nxf7 1-0

[Event "32nd ECC Open 2016"]
[Site "Novi Sad SRB"]
[Date "2016.11.09"]
[Round "4.25"]
[Board "2"]
[White "Ducarmon, Quinten"]
[Black "Ramondino, Renzo"]
[Result "1/2-1/2"]
[WhiteTitle "IM"]
[BlackTitle "FM"]
[WhiteElo "2457"]
[BlackElo "2144"]
[WhiteTeam "Kennemer Combinatie"]
[BlackTeam "DLF Steinitz Roma"]
[WhiteFideId "1025007"]
[BlackFideId "810304"]
[EventDate "2016.11.06"]

1. e4 e6 2. Qe2 c5 3. Nf3 Nc6 4. g3 d6 5. Bg2 g6 6. O-O Bg7 7. c3 Nge7 8. Rd1 e5
9. d4 cxd4 10. cxd4 Nxd4 11. Nxd4 exd4 12. Bg5 h6 13. Bxe7 Qxe7 14. Qb5+ Qd7 15.
Na3 O-O 16. Qb3 Qe7 17. Nb5 Bg4 18. Rd2 Rac8 19. Nxd4 Rc5 20. h3 Bc8 21. Qd3 Bd7
22. Rad1 Rd8 23. Qb3 Be8 24. Ne2 Bc6 25. Qd3 Bb5 26. Qf3 Bxe2 27. Qxe2 Qc7 28.
h4 a5 29. b3 b6 30. Kh2 Bf8 31. Rd5 h5 32. Qf3 Re8 33. a4 Re5 34. Rxc5 Rxc5 35.
Bf1 Rc3 36. Rd3 Rxd3 37. Bxd3 Qc3 38. Qd1 Qd4 39. Qc2 d5 40. exd5 Qxd5 41. Bc4
Qd6 42. Qe4 Qf6 43. Kh3 Kg7 1/2-1/2

[Event "32nd ECC Open 2016"]
[Site "Novi Sad SRB"]
[Date "2016.11.09"]
[Round "4.25"]
[Board "3"]
[White "Ferretti, Folco"]
[Black "Dek, Lennart"]
[Result "0-1"]
[WhiteTitle "FM"]
[WhiteElo "2232"]
[BlackElo "2278"]
[WhiteTeam "DLF Steinitz Roma"]
[BlackTeam "Kennemer Combinatie"]
[WhiteFideId "802328"]
[BlackFideId "1013114"]
[EventDate "2016.11.06"]

1. Nf3 d5 2. c4 d4 3. b4 g5 4. Bb2 Bg7 5. Nxg5 e5 6. Ne4 f5 7. Ng3 Nf6 8. e3 O-O
9. exd4 exd4 10. Bd3 Ng4 11. O-O f4 12. Ne4 Qh4 13. h3 f3 14. Ng3 fxg2 15. Kxg2
Nxf2 16. Qh5 Bxh3+ 17. Kh2 Qxh5 18. Nxh5 Be5+ 19. Kg1 Nxd3 20. Rxf8+ Kxf8 0-1

[Event "32nd ECC Open 2016"]
[Site "Novi Sad SRB"]
[Date "2016.11.09"]
[Round "4.25"]
[Board "4"]
[White "Duijn, Rob"]
[Black "Marzano, Carlo"]
[Result "1-0"]
[WhiteElo "2218"]
[BlackElo "2217"]
[WhiteTeam "Kennemer Combinatie"]
[BlackTeam "DLF Steinitz Roma"]
[WhiteFideId "1014501"]
[BlackFideId "802980"]
[EventDate "2016.11.06"]

1. d4 d5 2. c4 dxc4 3. e3 e6 4. Bxc4 c5 5. Nf3 a6 6. O-O Nf6 7. a3 b5 8. Be2 Bb7
9. dxc5 Bxc5 10. Qxd8+ Kxd8 11. b4 Bd6 12. Bb2 Ke7 13. Nbd2 Nbd7 14. Nb3 Rac8
15. Rac1 Rxc1 16. Rxc1 Rc8 17. Rxc8 Bxc8 18. Na5 Nb6 19. Ne5 Nfd5 20. Nec6+ Kf8
21. e4 Ne7 22. Nxe7 Bxe7 23. Bd4 Na4 24. Bd1 Bd8 25. Nc6 Bg5 26. Na5 Bc1 27.
Bxa4 bxa4 28. Nc4 Bb7 29. Bc5+ Kg8 30. f3 Bf4 31. g3 Bb8 32. Kf2 Bc6 33. Ke3 f6
34. f4 Kf7 35. Nd2 g5 36. Nf3 gxf4+ 37. gxf4 Kg6 38. Be7 Ba7+ 39. Bc5 Bb8 40.
Bd4 Bc7 41. Bc5 Bd7 42. Nd4 Kh5 43. Kf3 e5 44. Nc2 exf4 45. Bd4 Bg4+ 46. Kf2 Kg5
47. Ne1 Bd7 48. Nd3 Bb5 49. Nc5 Be5 50. Kf3 Kh4 51. Ne6 Bd7 52. Bxe5 fxe5 53.
Nc7 Bc8 54. Nd5 Bb7 55. Nf6 Bc8 56. Nxh7 Bg4+ 57. Kf2 Bh5 58. Nf6 Bg6 59. Nd7
Bxe4 60. Nxe5 Kg5 61. Nd7 Bc6 62. Nc5 Bb5 63. Ne6+ Kf5 64. Nd4+ Kg4 65. Nxb5
axb5 66. Kg2 f3+ 67. Kf2 Kf4 68. h4 Kg4 69. h5 Kxh5 70. Kxf3 1-0

[Event "32nd ECC Open 2016"]
[Site "Novi Sad SRB"]
[Date "2016.11.09"]
[Round "4.25"]
[Board "5"]
[White "Satta, Vladimiro"]
[Black "In t Veld, Daan"]
[Result "1-0"]
[WhiteElo "2197"]
[BlackElo "2218"]
[WhiteTeam "DLF Steinitz Roma"]
[BlackTeam "Kennemer Combinatie"]
[WhiteFideId "803006"]
[BlackFideId "1016270"]
[EventDate "2016.11.06"]

1. c4 d6 2. g3 g6 3. Bg2 Bg7 4. Nc3 f5 5. d3 Nf6 6. e3 O-O 7. Nge2 e5 8. O-O c6
9. b4 Be6 10. b5 d5 11. cxd5 cxd5 12. Qb3 Re8 13. d4 e4 14. a4 a5 15. bxa6 Rxa6
16. Rb1 Nfd7 17. Bd2 Nb6 18. Rfc1 Nc6 19. Qd1 Bf8 20. Rb5 Na7 21. Rb3 Nc4 22.
Nf4 Na5 23. Nxe6 Raxe6 24. Rbb1 N7c6 25. Bf1 Ba3 26. Rb5 Bxc1 27. Rxd5 Rd6 28.
Rxd6 Qxd6 29. Qxc1 Rc8 30. Nb5 Qd8 31. Qa3 b6 32. Qa2+ Kg7 33. d5 Nb8 34. Bc3+
Kh6 35. Qb2 Qd7 36. h4 g5 37. Bxa5 Kg6 38. Bxb6 gxh4 39. Qe5 Rg8 40. Bd4 hxg3
41. Qf6+ Kh5 42. Be2+ Rg4 43. fxg3 Qxd5 44. Qh4+ Kg6 45. Bxg4 fxg4 46. Qxg4+ Kh6
47. Bg7# 1-0

[Event "32nd ECC Open 2016"]
[Site "Novi Sad SRB"]
[Date "2016.11.09"]
[Round "4.25"]
[Board "6"]
[White "Duijn, Richard"]
[Black "Bellincampi, Stefano"]
[Result "0-1"]
[WhiteTitle "FM"]
[WhiteElo "2203"]
[BlackElo "2014"]
[WhiteTeam "Kennemer Combinatie"]
[BlackTeam "DLF Steinitz Roma"]
[WhiteFideId "1003771"]
[BlackFideId "804630"]
[EventDate "2016.11.06"]

1. d4 d5 2. Nf3 Nf6 3. g3 e6 4. c4 Bb4+ 5. Nc3 O-O 6. Bg2 dxc4 7. O-O Nc6 8. e3
Rb8 9. Qc2 b5 10. Rd1 Qe7 11. e4 e5 12. dxe5 Nxe5 13. Nxe5 Qxe5 14. Bf4 Qe7 15.
Bg5 Bxc3 16. Qxc3 h6 17. Be3 c5 18. f3 Be6 19. Qa5 Rfc8 20. Rd2 Rb6 21. Rad1 b4
22. e5 Ne8 23. f4 g6 24. Bd5 Bxd5 25. Rxd5 Qe6 26. Bxc5 Ra6 27. Qxb4 Rxa2 28.
Qc3 Ra4 29. Ba3 Ra6 30. Qd4 c3 31. Bc5 cxb2 32. Qxb2 Rac6 33. Bxa7 Rc2 34. Qb1
Qa6 35. Bf2 Qe2 36. Qb6 Rc1 37. Qd4 R8c2 38. Rxc1 Rxc1+ 39. Kg2 Qf1+ 40. Kf3
Qh1+ 41. Ke3 Ng7 42. g4 Ne6 43. Qd2 Rc4 44. Qd3 Rxf4 45. Ke2 Qxh2 46. Qe3 Rxf2+ 0-1

[Event "32nd ECC Open 2016"]
[Site "Novi Sad SRB"]
[Date "2016.11.09"]
[Round "4.26"]
[Board "1"]
[White "Korsunsky, Yuri"]
[Black "Feygin, Michael"]
[Result "1/2-1/2"]
[WhiteTitle "IM"]
[BlackTitle "GM"]
[WhiteElo "2411"]
[BlackElo "2473"]
[WhiteTeam "Perfect"]
[BlackTeam "KSK Rochade Eupen-Kelmis"]
[WhiteFideId "14102722"]
[BlackFideId "14103109"]
[EventDate "2016.11.06"]

1. Nf3 Nf6 2. d4 e6 3. c4 c5 4. d5 exd5 5. cxd5 d6 6. Nc3 g6 7. e4 Bg7 8. Bd3
Bg4 9. Qa4+ Nbd7 10. Nd2 O-O 11. h3 Ne5 12. Qc2 Bd7 13. O-O Nh5 14. Nc4 Nxc4 15.
Bxc4 Qh4 16. Be2 Nf4 17. Bg4 f5 18. Bxf4 fxg4 19. Bg3 Qe7 20. hxg4 Bxg4 21. Nb5
Rad8 22. Nxa7 h5 23. Nb5 h4 24. Bh2 h3 25. f3 hxg2 26. Qxg2 Bh5 27. f4 Kh7 28.
a4 Bh6 29. Rae1 Rf7 30. e5 dxe5 31. fxe5 Rdf8 32. Rxf7+ Rxf7 33. Nd6 Rf3 34. Ne4
Be3+ 35. Rxe3 Rxe3 36. Nf6+ Qxf6 37. exf6 Re1+ 38. Kf2 Re2+ 39. Kf1 Rxg2 40.
Kxg2 Kg8 41. d6 Bg4 42. a5 Kf7 43. Be5 Be6 44. Kf3 g5 45. Ke3 g4 46. Ke4 Kg6 47.
d7 Bxd7 48. Kd5 Bf5 49. Kxc5 g3 50. Kd6 g2 51. Bd4 g1=Q 52. Bxg1 Kxf6 1/2-1/2

[Event "32nd ECC Open 2016"]
[Site "Novi Sad SRB"]
[Date "2016.11.09"]
[Round "4.26"]
[Board "2"]
[White "Coenen, Michael"]
[Black "Gluhovsky, Mark"]
[Result "1-0"]
[WhiteElo "2393"]
[BlackElo "2282"]
[WhiteTeam "KSK Rochade Eupen-Kelmis"]
[BlackTeam "Perfect"]
[WhiteFideId "4697367"]
[BlackFideId "24165514"]
[EventDate "2016.11.06"]

1. e4 c5 2. Nf3 Nc6 3. d4 cxd4 4. Nxd4 e5 5. Nb5 d6 6. c4 Be7 7. N1c3 a6 8. Na3
Nf6 9. Nc2 O-O 10. Be2 Be6 11. O-O Rc8 12. b3 Ne8 13. Bg4 Nc7 14. Nd5 Nxd5 15.
cxd5 Bxg4 16. Qxg4 Nd4 17. Nxd4 exd4 18. Bb2 Bf6 19. Rac1 Rxc1 20. Bxc1 Qa5 21.
Bf4 Be5 22. Bxe5 dxe5 23. f4 f5 24. Qf3 exf4 25. Qxf4 d3 26. d6 Qc5+ 27. Kh1 Re8
28. e5 Rxe5 29. d7 Rd5 30. Qb8+ Qf8 31. Qxf8+ Kxf8 32. Rxf5+ 1-0

[Event "32nd ECC Open 2016"]
[Site "Novi Sad SRB"]
[Date "2016.11.09"]
[Round "4.26"]
[Board "3"]
[White "Slavin, Gennadie"]
[Black "Klein, Felix"]
[Result "1-0"]
[BlackTitle "FM"]
[WhiteElo "2300"]
[BlackElo "2321"]
[WhiteTeam "Perfect"]
[BlackTeam "KSK Rochade Eupen-Kelmis"]
[WhiteFideId "4104870"]
[BlackFideId "24600458"]
[EventDate "2016.11.06"]

1. e4 c5 2. Nf3 e6 3. c3 Nf6 4. d3 Nc6 5. Nbd2 Be7 6. g3 d5 7. Bg2 O-O 8. O-O b5
9. a3 a5 10. Re1 Ba6 11. exd5 exd5 12. Nf1 Re8 13. Bf4 Qb6 14. Ne5 Nxe5 15. Bxe5
Rad8 16. Ne3 d4 17. cxd4 cxd4 18. Nf5 Bc8 19. Qf3 Bxf5 20. Qxf5 Nd7 21. Rac1 g6
22. Qf4 Nxe5 23. Qxe5 Rd6 24. Bh3 Qb8 25. Re2 f6 26. Qe4 Rdd8 27. Rce1 Qc7 28.
Qe6+ Kf8 29. Bg2 Rd6 30. Qb3 Qb6 31. Bd5 a4 32. Qa2 b4 33. axb4 Rxd5 34. Qxd5
Rd8 35. Qc4 Bxb4 36. Re6 Qb7 37. Rxf6+ Kg7 38. Ree6 a3 39. Rb6 Qc8 40. Rfe6 Qa8
41. Rxb4 a2 1-0

[Event "32nd ECC Open 2016"]
[Site "Novi Sad SRB"]
[Date "2016.11.09"]
[Round "4.26"]
[Board "4"]
[White "Meessen, Rudolf"]
[Black "Kurochkin, Victor"]
[Result "1-0"]
[WhiteTitle "FM"]
[WhiteElo "2297"]
[BlackElo "2410"]
[WhiteTeam "KSK Rochade Eupen-Kelmis"]
[BlackTeam "Perfect"]
[WhiteFideId "202029"]
[BlackFideId "4105168"]
[EventDate "2016.11.06"]

1. d4 c5 2. d5 Nf6 3. Nc3 e5 4. e4 d6 5. f4 exf4 6. Bxf4 Be7 7. Be2 O-O 8. Nf3
Nbd7 9. O-O Nh5 10. Be3 g6 11. Nd2 Ng7 12. Nc4 f6 13. a4 Ne5 14. Nxe5 fxe5 15.
Qd2 a6 16. Rxf8+ Bxf8 17. a5 Bd7 18. Na4 Bxa4 19. Rxa4 Qd7 20. Ra3 Rc8 21. Qd1
Rc7 22. c4 h5 23. g4 hxg4 24. Bxg4 Qe8 25. Bg5 Nh5 26. Rf3 Kh7 27. Rh3 Rg7 28.
Bf6 Rg8 29. Kh1 Bg7 30. Rxh5+ gxh5 31. Bf5+ Kh8 32. Qd2 1-0

[Event "32nd ECC Open 2016"]
[Site "Novi Sad SRB"]
[Date "2016.11.09"]
[Round "4.26"]
[Board "5"]
[White "Alekseev, Andrey"]
[Black "Ahn, Martin"]
[Result "1-0"]
[WhiteTitle "IM"]
[BlackTitle "FM"]
[WhiteElo "2337"]
[BlackElo "2236"]
[WhiteTeam "Perfect"]
[BlackTeam "KSK Rochade Eupen-Kelmis"]
[WhiteFideId "4106873"]
[BlackFideId "200972"]
[EventDate "2016.11.06"]

1. Nf3 d6 2. g3 e5 3. d3 g6 4. Bg2 Bg7 5. c4 f5 6. O-O Nf6 7. Nc3 O-O 8. Rb1 h6
9. b4 g5 10. Ne1 f4 11. e3 Bg4 12. Qb3 Qc8 13. exf4 gxf4 14. gxf4 Nc6 15. fxe5
dxe5 16. Be3 Kh8 17. Kh1 Bh3 18. Rg1 Nd4 19. Qd1 Bg4 20. Qd2 Nf5 21. Ne4 Nxe3
22. fxe3 c6 23. b5 Qd7 24. bxc6 bxc6 25. Nc2 Nxe4 26. Bxe4 Bf3+ 27. Bxf3 Rxf3
28. Rbf1 Raf8 29. Rxf3 Rxf3 30. Qg2 Qf7 31. Qg6 Qxg6 32. Rxg6 Rf2 33. Nb4 c5 34.
Na6 Bf8 35. Rc6 Rxa2 36. Nxc5 Bxc5 37. Rxc5 Rd2 38. Rd5 Kg7 39. c5 Kf6 40. c6
Rc2 41. Rd6+ Kf5 42. Rxh6 a5 43. Rh5+ Kg4 44. Rxe5 a4 45. Ra5 Kf3 46. h4 Kxe3
47. Rxa4 Rxc6 48. Kg2 Rg6+ 49. Kh3 Kxd3 50. h5 Rg1 51. Kh4 Ke3 52. h6 Kf3 53.
Kh5 Rb1 54. Ra8 Rh1+ 55. Kg6 Rg1+ 56. Kf6 Rh1 57. Kg7 Rg1+ 58. Kf7 Rh1 59. Ra6
Kf4 60. Kg7 Kf5 61. Rf6+ Ke5 1-0

[Event "32nd ECC Open 2016"]
[Site "Novi Sad SRB"]
[Date "2016.11.09"]
[Round "4.27"]
[Board "1"]
[White "Aabling-Thomsen, Jakob"]
[Black "Zeidler, Sven P."]
[Result "1/2-1/2"]
[WhiteTitle "FM"]
[BlackTitle "FM"]
[WhiteElo "2382"]
[BlackElo "2185"]
[WhiteTeam "Bronshoj Skakforening"]
[BlackTeam "Abergavenny"]
[WhiteFideId "1407589"]
[BlackFideId "1800604"]
[EventDate "2016.11.06"]

1. d4 f5 2. g3 Nf6 3. Bg2 g6 4. Nh3 Nc6 5. d5 Ne5 6. Nc3 c6 7. Nf4 e6 8. dxe6 d5
9. O-O Bc5 10. b3 Qe7 11. Bb2 Bxe6 12. e4 fxe4 13. Nxe4 Nxe4 14. Bxe5 O-O 15.
Bd4 Bf5 16. Re1 Bxd4 17. Qxd4 Qf6 18. Qxf6 Nxf6 19. c3 Rae8 20. Ne2 Ne4 21. f3
Nc5 22. Nd4 Bd7 23. Bf1 Kg7 24. Rxe8 Rxe8 25. Kf2 Kf6 26. a4 g5 27. b4 Ne6 28.
a5 Rc8 29. Bd3 Ng7 30. Nb3 Bf5 31. Bxf5 Nxf5 32. Nc5 Rc7 33. Re1 Ng7 34. Re2 b6
35. axb6 axb6 36. Na4 Rb7 37. Rb2 Nf5 38. b5 c5 39. Rd2 Ne7 40. g4 Ke5 41. Re2+
Kf6 42. Kg3 Ra7 43. Nxb6 Rb7 44. Na4 Rxb5 45. h4 h6 46. hxg5+ hxg5 47. f4 gxf4+
48. Kxf4 Ra5 49. Nb2 Ra3 50. Nd1 d4 1/2-1/2

[Event "32nd ECC Open 2016"]
[Site "Novi Sad SRB"]
[Date "2016.11.09"]
[Round "4.27"]
[Board "2"]
[White "Morris, Charles F"]
[Black "Carstensen, Jacob"]
[Result "0-1"]
[BlackTitle "IM"]
[WhiteElo "2132"]
[BlackElo "2383"]
[WhiteTeam "Abergavenny"]
[BlackTeam "Bronshoj Skakforening"]
[WhiteFideId "1800140"]
[BlackFideId "1404180"]
[EventDate "2016.11.06"]

1. c4 Nf6 2. g3 e6 3. Bg2 d5 4. Nf3 dxc4 5. Na3 Bxa3 6. bxa3 O-O 7. Bb2 Nc6 8.
Rc1 Re8 9. Rxc4 e5 10. Qc2 Be6 11. Rh4 Bxa2 12. O-O h6 13. d3 Qd6 14. Bc3 Be6
15. Qb2 Nd5 16. Bxe5 Nxe5 17. Nxe5 c5 18. Nc4 Qc7 19. f4 f6 20. Rc1 Rab8 21. Rh5
Nb6 22. Nxb6 axb6 23. Bd5 Qf7 24. Bxe6 Rxe6 25. g4 Rd8 26. f5 Rd4 27. fxe6 Rxg4+
28. Kh1 Qxh5 29. Qa2 Qe5 30. e4 Qf4 31. e7+ Kh7 32. Rg1 Qf3+ 33. Qg2 Rxg2 34.
Rxg2 Qd1+ 35. Rg1 Qh5 0-1

[Event "32nd ECC Open 2016"]
[Site "Novi Sad SRB"]
[Date "2016.11.09"]
[Round "4.27"]
[Board "3"]
[White "Pilgaard, Kim"]
[Black "Powell, Lloyd"]
[Result "1-0"]
[WhiteTitle "IM"]
[WhiteElo "2384"]
[BlackElo "2072"]
[WhiteTeam "Bronshoj Skakforening"]
[BlackTeam "Abergavenny"]
[WhiteFideId "1400657"]
[BlackFideId "1801406"]
[EventDate "2016.11.06"]

1. d4 Nf6 2. c4 e6 3. Nc3 d5 4. cxd5 exd5 5. Bg5 Be7 6. e3 c6 7. Bd3 Nbd7 8. Qc2
O-O 9. Nge2 Re8 10. O-O Ne4 11. Bf4 Nef6 12. Nb5 Nf8 13. Nc7 Be6 14. Nxa8 Qxa8
15. h3 Qc8 16. Bh2 Ng6 17. Nf4 Nxf4 18. Bxf4 h6 19. Rae1 b6 20. Rc1 c5 21. dxc5
bxc5 22. Qa4 Qb7 23. Be5 Bd7 24. Qc2 Rc8 25. Qe2 Qb6 26. b3 Qe6 27. Qb2 Bc6 28.
Rfd1 Rd8 29. Be2 Rd7 30. Bf3 Rd8 31. Qa1 d4 32. Bxf6 Bxf6 33. Bxc6 Qxc6 34. exd4
Qe4 35. Rxc5 Bxd4 36. Rc4 1-0

[Event "32nd ECC Open 2016"]
[Site "Novi Sad SRB"]
[Date "2016.11.09"]
[Round "4.27"]
[Board "4"]
[White "Spencer, Douglas"]
[Black "Andersen, Soren Mikkel"]
[Result "1/2-1/2"]
[WhiteElo "1961"]
[BlackElo "2086"]
[WhiteTeam "Abergavenny"]
[BlackTeam "Bronshoj Skakforening"]
[WhiteFideId "1801082"]
[BlackFideId "1411918"]
[EventDate "2016.11.06"]

1. d4 d5 2. Nf3 Nf6 3. Bf4 c6 4. e3 Qb6 5. Qc1 Bf5 6. Be2 e6 7. Nbd2 Nbd7 8. c3
h6 9. h3 Be7 10. O-O O-O 11. b4 a5 12. a3 Rfc8 13. Nb3 a4 14. Nbd2 Qa7 15. Qb2
b5 16. Rfe1 Nb6 17. Ne5 Nc4 18. Nexc4 bxc4 19. g4 Bg6 20. Kh1 Ne8 21. e4 Nd6 22.
Bd1 Nb5 23. Nb1 Qb7 24. Bc2 Bf8 25. e5 Ra7 26. Be3 Re8 27. f4 Bxc2 28. Qxc2 f5
29. Rg1 Qe7 30. Qd2 Qh4 31. Kh2 1/2-1/2

[Event "32nd ECC Open 2016"]
[Site "Novi Sad SRB"]
[Date "2016.11.09"]
[Round "4.27"]
[Board "5"]
[White "Christensen, Esben"]
[Black "Miles, Richard"]
[Result "1-0"]
[WhiteElo "2016"]
[BlackElo "2000"]
[WhiteTeam "Bronshoj Skakforening"]
[BlackTeam "Abergavenny"]
[WhiteFideId "1402307"]
[BlackFideId "1801139"]
[EventDate "2016.11.06"]

1. e4 c5 2. Nf3 Nc6 3. d4 cxd4 4. Nxd4 g6 5. Nc3 Bg7 6. Be3 Nf6 7. Bc4 O-O 8.
O-O Nxe4 9. Nxe4 d5 10. Nxc6 bxc6 11. Bd3 dxe4 12. Bxe4 Qc7 13. c3 f5 14. Bd3
Be6 15. Bc5 Bd5 16. Qa4 Rfd8 17. Rad1 e5 18. f3 Qb7 19. Rf2 Bf7 20. Rfd2 Bh6 21.
Ba6 Qc7 22. Rxd8+ Rxd8 23. Rxd8+ Qxd8 24. Qxc6 Bxa2 25. Bxa7 Bc1 26. Bc4+ Bxc4
27. Qxc4+ Kg7 28. Qe2 Qd5 29. b4 Kf6 30. Bc5 h5 31. Qa6+ Kg5 32. Be7+ Kh6 33.
Bf8+ Kg5 34. h4+ Kxh4 35. Qxg6 Qd7 36. Kh2 1-0

[Event "32nd ECC Open 2016"]
[Site "Novi Sad SRB"]
[Date "2016.11.09"]
[Round "4.27"]
[Board "6"]
[White "Dixon, Chris"]
[Black "Yssing, Klaus"]
[Result "1/2-1/2"]
[WhiteElo "1785"]
[BlackElo "2008"]
[WhiteTeam "Abergavenny"]
[BlackTeam "Bronshoj Skakforening"]
[WhiteFideId "1801880"]
[BlackFideId "1407279"]
[EventDate "2016.11.06"]

1. Nf3 c5 2. g3 Nf6 3. Bg2 d5 4. O-O e6 5. d3 Be7 6. Nbd2 O-O 7. e4 Nc6 8. Re1
Re8 9. e5 Nd7 10. Nf1 f6 11. exf6 Bxf6 12. Ne3 Nde5 13. Nxe5 Nxe5 14. Qe2 Bd7
15. Ng4 Nxg4 16. Qxg4 Kh8 17. Qe2 Rc8 18. c3 b5 19. Bd2 Qb6 20. Rab1 a5 21. Qh5
Rf8 22. Bg5 Qd8 23. Bxf6 Rxf6 24. Re5 Be8 25. Qe2 Bg6 26. Re1 d4 27. cxd4 Qxd4
28. Rxe6 Rxe6 29. Qxe6 Rg8 30. Qe3 Qd6 31. Rc1 1/2-1/2